04410nam a2200421Ia 4500008004100000082001500041100002100056245006200077260002300139300000800162650000800170942001200178999001500190952016800205952018500373952017000558952017000728952017000898952014401068952014101212952015301353952014201506952015401648952015401802952015401956952015402110952015402264952015702418952015402575952015402729952015402883952015403037952015403191952015403345952016603499952016603665952015703831191201s2008    xx            000 0 und d  a006.3bPAI  aPATTERSON, Dan W 0aIntroduction to Artificial Intelligence and Expert System  aN.DelhibPHIc2008  a448  aMCA  2ddccBK  c3635d3635  00102ddc40708BTECHCSEaPIETbPIETd2017-08-05eDonated by Dr.Pooja Walia l0o006.3 PAIp29625r2019-12-04 00:00:00w2017-05-01yBKzDonated by Dr.Pooja Walia   00102ddc40708BTECHCSEaPIETbPIETd2006-08-12eM/s UBS Publishers, New Delhig195.00k125377l1o006.3 PAIp1772q2022-07-20r2022-01-21 00:00:00s2022-01-21w2005-08-18yBKz.  00102ddc40708BTECHCSEaPIETbPIETd2006-08-12eM/s UBS Publishers, New Delhig195.00k125377l1o006.3 PAIp1774r2021-12-20 00:00:00s2021-12-06w2005-08-18yBK  00102ddc40708BTECHCSEaPIETbPIETd2006-08-12eM/s UBS Publishers, New Delhig195.00k125377l2o006.3 PAIp1773r2024-11-04 00:00:00s2021-01-05w2005-08-18yBK  00102ddc40708BTECHCSEaPIETbPIETd2006-08-15eM/s UBS, Delhig195.00k125382l1o006.3 PAIp2071q2022-07-20r2022-01-21 00:00:00s2022-01-21w2008-08-18yBKz.  00102ddc40708BTECHCSEaPIETbPIETd2006-08-15eM/s UBS, Delhig195.00k125382l0o006.3 PAIp2072r2019-12-04 00:00:00w2008-08-18yREF  00102ddc40708BTECHITaPIETbPIETd2007-08-13eJ B C, New Delhig180.00k697l0o006.3 PAIp6052r2019-12-27 00:00:00w2007-07-27yBK  00102ddc40708BTECHITaPIETbPIETd2007-08-13eJ B C, New Delhig180.00k697l1o006.3 PAIp6053r2023-11-30 00:00:00s2023-11-17w2007-07-27yBK  00102ddc40708MCAaPIETbPIETd2007-01-17eJ B C, New Delhig195.00kSI-4643l0o006.3 PAIp10265r2019-12-04 00:00:00w2008-12-11yBK  00102ddc40708MCAaPIETbPIETd2007-01-17eJ B C, New Delhig195.00kSI-4643l1o006.3 PAIp10266r2023-11-28 00:00:00s2023-11-17w2008-12-11yBK  00102ddc40708MCAaPIETbPIETd2007-01-17eJ B C, New Delhig195.00kSI-4643l3o006.3 PAIp10267r2023-12-26 00:00:00s2023-12-21w2008-12-11yBK  00102ddc40708MCAaPIETbPIETd2007-01-17eJ B C, New Delhig195.00kSI-4643l5o006.3 PAIp10268r2026-06-03 09:06:28s2026-05-21w2008-12-11yBK  00102ddc40708MCAaPIETbPIETd2007-01-17eJ B C, New Delhig195.00kSI-4643l3o006.3 PAIp10269r2024-08-05 00:00:00s2024-08-02w2008-12-11yBK  00102ddc40708MCAaPIETbPIETd2007-01-17eJ B C, New Delhig195.00kSI-4643l2o006.3 PAIp10270r2021-11-11 00:00:00s2021-10-27w2008-12-11yBK  00102ddc40708MCAaPIETbPIETd2007-01-17eJ B C, New Delhig195.00kSI-4643l2o006.3 PAIp10271r2026-06-03 09:05:55s2026-05-21w2008-12-11yBKz.  00102ddc40708MCAaPIETbPIETd2007-01-17eJ B C, New Delhig195.00kSI-4643l3o006.3 PAIp10272r2021-11-23 00:00:00s2021-11-10w2008-12-11yBK  00102ddc40708MCAaPIETbPIETd2007-01-17eJ B C, New Delhig195.00kSI-4643l3o006.3 PAIp10273r2024-09-09 00:00:00s2024-08-24w2008-12-11yBK  00102ddc40708MCAaPIETbPIETd2007-01-17eJ B C, New Delhig195.00kSI-4643l7o006.3 PAIp10274r2024-12-24 00:00:00s2024-12-20w2008-12-11yBK  00102ddc40708MCAaPIETbPIETd2007-01-17eJ B C, New Delhig195.00kSI-4643l4o006.3 PAIp10275r2024-12-24 00:00:00s2024-12-20w2008-12-11yBK  00102ddc40708MCAaPIETbPIETd2007-01-17eJ B C, New Delhig195.00kSI-4643l1o006.3 PAIp10276r2024-09-03 00:00:00s2024-08-20w2008-12-11yBK  00102ddc40708MCAaPIETbPIETd2007-01-17eJ B C, New Delhig195.00kSI-4643l6o006.3 PAIp10277r2023-10-11 00:00:00s2023-10-04w2008-12-11yBK  00102ddc40708MCAaPIETbPIETd2007-01-17eJ B C, New Delhig195.00kSI-4643l1o006.3 PAIp10278q2024-05-22r2023-11-24 00:00:00s2023-11-24w2008-12-11yBK  00102ddc40708MCAaPIETbPIETd2007-01-17eJ B C, New Delhig195.00kSI-4643l1o006.3 PAIp10279q2024-05-22r2023-11-24 00:00:00s2023-11-24w2008-12-11yBK  00102ddc40708MCAaPIETbPIETd2007-01-17eJ B C, New Delhig195.00kSI-4643l1o006.3 PAIp10280r2025-03-13 00:00:00s2022-01-21w2008-12-11yBKz.